| 000 | 01125cam a2200241 a 4500 | ||
|---|---|---|---|
| 020 | _a0309045649 (pbk.) : | ||
| 082 | 0 | 0 |
_a625.85 _bHEN |
| 100 | 1 |
_aHenry, Hubert A. _943909 |
|
| 245 | 1 | 0 |
_aAutomated field survey data collection system / _cHubert A. Henry and Leonard O. Moser ; Frank F. Cooper. |
| 260 |
_aWashington, D.C. : _bTransportation Research Board, National Research Council, _c[1987] |
||
| 300 |
_a107 p. : _bill., forms ; _c28 cm. |
||
| 490 | 1 | _aNational Cooperative Highway Research Program report, | |
| 500 | _a"Areas of interest: facilities design, pavement design and performance (highway transportation)." | ||
| 500 | _a"Research sponsored by the American Association of State Highway and Transportation Officials in cooperation with the Federal Highway Administration." | ||
| 500 | _a"September 1987." | ||
| 526 |
_a0 _b0 _c0 _d625_850000000000000_HEN |
||
| 650 | 0 |
_aAutomatic data collection systems. _93358 |
|
| 650 | 0 |
_aMCE _9379 |
|
| 650 | 0 |
_aRoads _xDesign and construction _xData processing. _921812 |
|
| 700 | 1 |
_aCooper, Frank F. _943910 |
|
| 700 | 1 |
_aMoser, Leonard O. _943911 |
|
| 942 |
_2ddc _cBK |
||
| 999 |
_c547787 _d547787 |
||